000
00323nam a22001457a 4500
008
210225b ||||| |||| 00| 0 eng d
020
_a
97800303508497th
041
_a
eng
080
_2
7th
_a
33
082
_a
33
100
_a
58
101
_a
BUS
245
_a
Bussines Research Methods
_c
Zikmund, W.G
942
_2
udc
_c
BK
999
_c
55200
_d
55200